Fifth Gospel (Record no. 9590)

MARC details
000 -LEADER
fixed length control field 00645nam a2200241 a 4500
020 ## - INTERNATIONAL STANDARD BOOK NUMBER
ISBN 0521960
082 00 - DEWEY DECIMAL CLASSIFICATION NUMBER
Classification number 224.10609
Author Cutter SAW
100 ## - MAIN ENTRY--AUTHOR NAME
Author name Sawyer, John F A
245 ## - TITLE STATEMENT
Title Fifth Gospel
Sub title Isaiah in the History of Christianity
260 ## - PUBLICATION, DISTRIBUTION, ETC. (IMPRINT)
Place of publication Cambridge
Name of publisher Cambridge University Press
Year of publication 1996
300 ## - PHYSICAL DESCRIPTION
Number of Pages 281p
500 ## - GENERAL NOTE
General note includes index and biblioraphy
505 2# - FORMATTED CONTENTS NOTE
Formatted contents note Bibliography, Index
650 ## - SUBJECT ADDED ENTRY--TOPICAL TERM
Topical Term Bible-Prophets
942 ## - ADDED ENTRY ELEMENTS (KOHA)
Koha item type Books
700 1# -
-- Sawyer, John F A
Holdings
Collection code Home library Current library Date acquired Cost, normal purchase price Full call number Accession Number Koha item type
  Henry Martyn Institute Library Henry Martyn Institute Library 06/19/2007 958.30 224.10609 SAW 017757 Books
                   Copyright © 2026 | Henry Martyn Institute | Hyderabad | TS-500052 | INDIA | Implemented by hmi.edu.in
Hit-Count:

Powered by Koha